| 000 | 00926nam a22002657a 4500 | ||
|---|---|---|---|
| 005 | 20110608103154.0 | ||
| 008 | 110628t xxu||||| |||| 00| 0 eng d | ||
| 010 | _aENG-102739 | ||
| 020 |
_c300.00 _a8188709093 |
||
| 035 | _aEN-86272 | ||
| 037 | _bDBAD / VEN | ||
| 040 |
_adpl _bEnglish |
||
| 082 | _a305.40973 | ||
| 100 |
_928493 _aSharma, Lalita |
||
| 245 |
_aGreat women's speeches / _cby Lalita Sharma |
||
| 260 |
_aLucknow _bHimalaya Prakashan Sansthan _c2010 |
||
| 270 |
_a106, Krishan Lok Colony, phase-1, posr box: Banthara, Kanpur Road _bLunknow _e227101 |
||
| 300 | 2 |
_a248 p.: _c22cm (Hb) _bill. |
|
| 650 | _928496 | ||
| 650 | _928522 | ||
| 700 | _928520 | ||
| 942 |
_2ddc _cEN _mSHA _h305.40973 |
||
| 999 |
_c53412 _d53412 |
||